Statistics for Portugal - Iceland UEFA Euro 2016

Click here to take the quiz!

General Stats

  • This quiz has been taken 20 times
  • The average score is 14 of 30

Answer Stats

Answer % Correct
Cristiano Ronaldo
100%
Pepe
94%
Nani ¹
89%
Rui Patricio
83%
Ragnar Sigurðsson
78%
Gylfi Sigurðsson
78%
Ricardo Carvalho
78%
Renato Sanches
78%
Ricardo Quaresma
72%
João Moutinho
72%
Fernando Santos
61%
Danilo Pereira
61%
Éder
56%
Raphaël Guerreiro
50%
João Mário
50%
André Gomes
44%
Vieirinha
39%
Kári Árnason
22%
Lars Lagerbäck
22%
Birkir Bjarnason ¹
22%
Teddy Bjarnason
22%
Ari Skúlason
17%
Jón Böðvarsson
17%
Kolbeinn Sigþórsson
17%
Aron Gunnarsson
17%
Jóhann Guðmundsson
17%
Alfreð Finnbogason
11%
Birkir Sævarsson
6%
Hannes Halldórsson
6%
Heimir Hallgrímsson
6%

Score Distribution

Percentile by Number Answered

Percent of People with Each Score

Your Score History

You have not taken this quiz